000 00348nam a2200133Ia 4500
008 240624s9999 xx 000 0 und d
041 _aeng
082 _a658.3 ONW
100 _aONWUEGBUZIE ANTHONY J
245 _a7 STEPS TO A COMPREHENSIVE LITERATURE RE
260 _c2016
_aNew Delhi
_bSage
300 _axvi, 424 p.; 23 cm.
365 _cBPS
_b32
999 _c29997
_d29997